Petua pelajar cemerlang

Bibliographic Details
Main Author: Mohd Fadzilah Kamsah,Dato',1951-
Other Authors: Muhammad Zakaria,1955
Format: Book
Published: Kuala Lumpur : Telaga Biru , 2005
Subjects:

MARC

LEADER 00000cam a2200000 7i4500
001 0000012105
005 20160330.0
008 080124
020 |a 9834244819 
090 0 0 |a 371.30281   |b MOH 
100 0 |a Mohd Fadzilah Kamsah,Dato',1951- 
245 1 0 |a Petua pelajar cemerlang   |c Dato' Dr Mohd Fadzilah kamsah, Hj Muhammad Zakaria 
260 |a Kuala Lumpur :   |b Telaga Biru ,   |c 2005 
500 |a Teenager ages 13-18 years old (blue) 
650 0 |a Academic achievement 
650 0 |a Study skills 
700 1 |a Muhammad Zakaria,1955 
999 |a 0000939725   |b Book   |c Adult Collection   |e Cawangan Taman Sri Lambak 
999 |a 0001004410   |b Book   |c Teenagers   |e Perbadanan Perpustakaan Awam Johor 
999 |a 0001004411   |b Book   |c Teenagers   |e Perbadanan Perpustakaan Awam Johor 
999 |a 0001004412   |b Book   |c Teenagers   |e Perbadanan Perpustakaan Awam Johor 
999 |a 0001004413   |b Book   |c Teenagers   |e Perbadanan Perpustakaan Awam Johor 
999 |a 0001004414   |b Book   |c Teenagers   |e Perbadanan Perpustakaan Awam Johor 
999 |a 0001010209   |b Book   |c Teenagers   |e Cawangan Mersing 
999 |a 0001010210   |b Book   |c Teenagers   |e Cawangan Bandar Tenggara 
999 |a 0001010212   |b Book   |c Adult Collection   |e Cawangan Segamat 
999 |a 0001086096   |b Book   |c Teenagers   |e Cawangan Bandar Tenggara 
999 |a 0001086097   |b Book   |c Teenagers   |e Cawangan Mersing 
999 |a 0001149245   |b Book   |c Adult Collection   |e Cawangan Segamat